Statistiken für Interpreten nach Songs #03

Klicken Sie hier um das Quiz zu spielen!

Allgemein

  • Dieses Quiz wurde 892 mal gespielt
    (859 seit der letzten Aktualisierung)
  • Das Durchschnittsergebnis liegt bei 18 aus 40

Antwortstatistiken

HintAntwort% Korrekt
Poker FaceLady Gaga
96%
Waka WakaShakira
94%
UmbrellaRihanna
88%
Last ChristmasWham!
87%
Gangnam Stylepsy
76%
Can't Hold UsMacklemore
65%
Applaus, ApplausSportfreunde Stiller
65%
Moves Like JaggerMaroon 5
62%
All I Want For ChristmasMariah Carey
61%
Story of my LifeOne Direction
61%
LevelsAvicii
60%
What About UsPink
60%
Counting StarsOneRepublic
56%
PompeiiBastille
54%
TraumCro
53%
MenschHerbert Grönemeyer
53%
Leichtes GepäckSilbermond
46%
Niggas in ParisJay- Z
43%
The Final CountdownEurope
42%
Lemon TreeFools Garden
41%
Eye of the TigerSurvivor
41%
Sexy and I Know ItLMFAO
40%
Enjoy The SilenceDepeche Mode
31%
CreepRadiohead
31%
Cotton Eye JoeRednex
31%
Warum hast du nicht nein gesagt?Roland Kaiser
31%
New York, New YorkFrank Sinatra
29%
Die 4 JahreszeitenVivaldi
28%
Paint It BlackThe Rolling Stones
27%
Tears In HeavenEric Clapton
26%
L'Amour ToujoursGigi D'Agostino
25%
Beautiful MadnessMichael Patrick Kelly
25%
Little TalksOf Monsters and Men
25%
HochTim Bendzko
25%
I will surviveGloria Gaynor
22%
As Long as You Love MeBackstreet Boys
20%
Whole Lotta LoveLed Zeppelin
17%
TimeHans Zimmer
15%
FingertipsTom Gregory
10%
ParisMichelle
6%

Verteilung der Resultate

Perzentil nach korrekt beantworteten Fragen

Anzahl Personen mit jedem Resultat

Ihre Resultats-Entwicklung

Sie haben dieses Quiz seit der letzten Aktualisierung nicht gespielt